| 000 | 00423 a2200133 4500 | ||
|---|---|---|---|
| 001 | ART_44616 | ||
| 005 | 20260410162006.0 | ||
| 008 | 260409a | ||
| 245 | 1 | 0 | _aLas obligaciones de dar cosa cierta y los derechos reales |
| 100 | 1 | _aTanzi, Silvia Y. | |
| 700 | 1 | _aCorna, Pablo M. | |
| 700 | 1 | _aFossaceca, Carlos Alberto (h) | |
| 773 | 0 |
_tTemas de derecho civil _g- Año 3, Nº 11 (nov. 2017) _wREV34778 |
|
| 999 |
_c31714 _d31714 |
||